000 00352nam a2200157Ia 4500
003 OSt
005 20231118055808.0
008 170524s9999 xx 000 0 und d
020 _a81-8204-012-4
040 _cIIMT
100 _aRaj Kumar Singh
245 0 _aFront Office Management
260 _bAman Publication
260 _c2006
942 _2ddc
_c02
999 _c7381
_d7381